000 00648nam a22002417a 4500
001 BS2023000690
003 BR-BrBNA
005 20231219135356.0
008 231219b bl.||||| |||| 00| 0 por d
020 _a85-00-91897-7
040 _aBR-BrBNA
_bpor
041 _apor
072 _aS80
100 _4aut.
_aWilde, Oscar
245 _aO retrato de Dorian Gray /
_cOscar Wilde; texto em português por Clarice Lispector
250 _a9 ed.
260 _aRio de Janeiro, RJ :
_bEdiouro,
_c2001.
300 _a127 p.
650 _aLITERATURA JUVENIL
909 _a202312
_bAna Lívia
942 _cBK
999 _c260109
_d260109